| 000 | 00727nam a2200289Ia 4500 | ||
|---|---|---|---|
| 008 | 180803s9999 xx 000 0 und d | ||
| 020 | _a9780590420440 | ||
| 050 | _bY549 1987 | ||
| 100 | _aYolen, Jane | ||
| 245 | 0 | _aOwl moon / | |
| 245 | 0 | _cby Jane Yolen ; illustrated by John Schoenherr. | |
| 260 | _aBroadway, New York : | ||
| 260 | _bScholastic, | ||
| 260 | _c1987 | ||
| 300 | _aunpaged : | ||
| 300 | _bcolored ; | ||
| 300 | _c27cm. | ||
| 500 | _a630 | ||
| 650 | _aFathers and daughters -- | ||
| 650 | _aGreat horned owl -- | ||
| 650 | _aWinter -- | ||
| 650 | _xJuvenile fiction. | ||
| 650 | _xJuvenile fiction. | ||
| 650 | _xJuvenile fiction. | ||
| 700 | _aSchoenherr, John. | ||
| 700 | _aTitle. | ||
| 999 |
_c358291 _d358291 |
||